Building a sustainable transportation infrastructure for long-term economic growth

Պահպանված է:
Մատենագիտական մանրամասներ
Հիմնական հեղինակ: SMIRNOVA, Olga V.
Ձևաչափ: Գիրք
Լեզու:անգլերեն
Հրապարակվել է: IGI Global, Engineering Science Reference 2019
Ցուցիչներ: Ավելացրեք ցուցիչ
Չկան պիտակներ, Եղեք առաջինը, ով նշում է այս գրառումը!

MARC

LEADER 00000nam a22000007a 4500
008 240529b |||||||| |||| 00| 0 eng d
020 |a 9781522573968 
100 |a SMIRNOVA, Olga V. 
245 |a Building a sustainable transportation infrastructure for long-term economic growth  |c  / Olga V. Smirnova  |g xx,309p 
260 |b IGI Global, Engineering Science Reference  |c 2019  |h Hershey, PA   |i 701785  |i 701786  |l HE203.Sm4  |m Transportation--United States--Planning.  |m Transportation--United States--Finance.   |m City planning--United States  |m Sustainable development--United States. 
942 |a lcc  |c BK  |e JOHNSON  |f 29/05/24 
952 |0 0  |1 0  |2 lcc  |4 0  |6 HE0203 S M4  |7 0  |9 5202  |a SSL  |b HOL  |c GJ  |d 2024-05-29  |l 0  |o HE203.Sm4  |p 2024-0448  |r 2024-05-29 00:00:00  |t 701785  |w 2024-05-29  |y BK 
952 |0 0  |1 0  |2 lcc  |4 0  |6 HE0203 S M4  |7 0  |9 5203  |a HOL  |b HOL  |c GJ  |d 2024-05-29  |l 0  |o HE203.Sm4  |p 2024-0449  |r 2024-05-29 00:00:00  |t 701786  |w 2024-05-29  |y BK 
999 |c 2584  |d 2584